Top 10 de Liège-Bastogne-Liège depuis 2020 - Statistiques

Statistiques générales
  • Ce quiz a été pris 39 fois
  • Le résultat moyen est 42 sur 60
Statistiques - réponses
Année Classement Cycliste Team Nationalité % Correct
5 Julian Alaphilippe Deceuninck-Quick-Ste France
97%
2 Julian Alaphilippe Deceuninck-Quick-Step France
97%
2020 1 Primoz Roglic Jumbo-Visma Slovénie
97%
3 Tadej Pogacar UAE Team Emirates Slovénie
97%
2021 1 Tadej Pogacar UAE Team Emirates Slovénie
97%
2024 1 Tadej Pogacar UAE Team Emirates Slovénie
97%
2025 1 Tadej Pogacar UAE Team Emirates Slovénie
97%
6 Mathieu Van Der Poel Alpecin-Fenix Pays-Bas
90%
3 Mathieu Van Der Poel Alpecin-Deceuninck Pays-Bas
90%
2022 1 Remco Evenepoel Quick-Step Alpha Vinyl Belgique
90%
2023 1 Remco Evenepoel Soudal-Quick Step Belgique
90%
4 Ben Healy EF Education-Easy Post Irlande
87%
3 Ben Healy EF Education-Easy Post Irlande
87%
3 David Gaudu Groupama FDJ France
87%
6 Guillaume Martin Cofidis France
87%
2 Thomas Pidcock Ineos Grenadiers Grande-Bretagne
87%
10 Thomas Pidcock Ineos Grenadiers Grande-Bretagne
87%
9 Thomas Pidcock Q36.5 Grande-Bretagne
87%
4 Matej Mohoric Bahrain McLaren Slovénie
83%
10 Matej Mohoric Bahrain Victorious Slovénie
83%
4 Alejandro Valverde Movistar Team Espagne
80%
7 Alejandro Valverde Movistar Team Espagne
80%
2 Marc Hirschi Team Sunweb Suisse
80%
6 Marc Hirschi UAE Team Emirates Suisse
80%
9 Marc Hirschi UAE Team Emirates Suisse
80%
10 Marc Hirschi UAE Team Emirates Suisse
80%
7 Michael Woods EF Pro Cycling Canada
80%
5 Michael Woods Israel Start-Up Nation Canada
80%
10 Michael Woods Israel-Premier Tech Canada
80%
10 Michal Kwiatkowski Ineos Grenadiers Pologne
80%
2 Romain Bardet DSM-Firmenich PostNL France
80%
3 Wout Van Aert Jumbo-Visma Belgique
80%
2 Giulio Ciccone Lidl-Trek Italie
77%
8 Neilson Powless EF Education-Easy Post États-Unis
70%
10 Neilson Powless EF Education-Easy Post États-Unis
70%
9 Warren Barguil Arkéa Samsic France
70%
4 Daniel Felipe Martinez Ineos Grenadiers Colombie
67%
7 Daniel Felipe Martinez RedBull-Bora-Hansgrohe Colombie
67%
5 Valentin Madouas Groupama-FDJ France
67%
7 Valentin Madouas Groupama-FDJ France
67%
8 Alexey Lutsenko Astana Qazaqstan Kazakstan
60%
8 Bauke Mollema Trek-Segafredo Pays-Bas
60%
9 Mattias Skjelmose Jensen Trek-Segafredo Danemark
60%
8 Tiesj Benoot Team Sunweb Belgique
60%
7 Tiesj Benoot Team DSM Belgique
60%
7 Tiesj Benoot Jumbo-Visma Belgique
60%
8 Axel Laurance Ineos Grenadiers France
50%
5 Aurélien Paret-Peintre Decathlon AG2R La Mondiale France
47%
6 Dylan Teuns Bahrain Victorious Belgique
47%
3 Santiago Buitrago Bahrain Victorious Colombie
43%
5 Sergio Higuita Bora-Hansgrohe Colombie
43%
9 Maximilian Schachmann Bora-Hansgrohe Allemagne
40%
4 Maxim Van Gils Lotto-Dstny Belgique
40%
9 Pello Bilbao Bahrain Victorious Espagne
40%
6 Mauri Vansevenant Soudal-Quick Step Belgique
33%
8 Patrick Konrad Bora-Hansgrohe Autriche
33%
2 Quinten Hermans Intermarché-Wanty Gobert Belgique
33%
5 Thibau Nys Lidl-Trek Belgique
33%
4 Simone Velasco XDS Astana Italie
20%
6 Andrea Bagioli Lidl-Trek Italie
17%
Aucun quiz correspondant
Distribution des résultats
% des personnes avec chaque résultat
Percentile par nombre de réponses
Votre historique - résultats
Vous n’avez pas pris ce quiz